| 000 | 02839nam a2200517Ia 4500 | ||
|---|---|---|---|
| 001 | 2985 | ||
| 008 | 241029s9999 xx 000 0 und d | ||
| 010 | _a2801 | ||
| 041 | _aEspañol | ||
| 082 | _aMA-LL 0001 FH 1996 | ||
| 245 | 0 | _aProblemas que confrontan los coreanos en el aprendizaje de la Lengua Española como su segunda lengua | |
| 260 | _aSanto Domingo | ||
| 300 | _a127 | ||
| 520 | _a33 | ||
| 630 | _aLenguaje y Lenguas-Enseñanza | ||
| 650 | _aLengua Española | ||
| 690 | _aElaborado | ||
| 700 |
_easesor _aBenavides, Celso J. |
||
| 700 |
_eautor _aRan Han, Hye |
||
| 901 |
_a{"1":"Ran Han"} _b{"1":"Hye"} |
||
| 902 | _a1 | ||
| 903 |
_a{"1":"Benavides"} _b{"1":"Celso J. "} |
||
| 904 | _aMagíster en | ||
| 905 | _aLingüística y Literatura | ||
| 906 | _a2 | ||
| 907 | _aNO APLICA | ||
| 908 | _aNO APLICA | ||
| 909 | _aUniversidad Autónoma de Santo Domingo (UASD) | ||
| 910 |
_aNULL _bNULL |
||
| 911 | _a["1"] | ||
| 912 | _aNO APLICA | ||
| 913 | _aNULL | ||
| 914 | _a08 de Enero de 1996 | ||
| 915 | _a21/07/15 12:07 | ||
| 916 | _aNULL | ||
| 917 | _aNULL | ||
| 918 | _aNO APLICA | ||
| 919 | _a["130"] | ||
| 520 | _aLa investigación se planteó determinar cuáles son las fuentes de los problemas que acusan los coreanos en el manejo de la Lengua Española como su segunda lengua.El estudio presentó un diseño de carácter descriptivo, dirigido hacia una población de 284 coreanos que residen en República Dominicana hace más de un año, a los cuales se les aplicaron los instrumentos de grabaciones directas y libres y entrevistas para investigar las interferencias lingüísticas.El estudio concluye que los coreanos tienen dificulta en los puntos diferenciales o en las divergencias sistemáticas entre las dos lenguas y el manejo de los elementos conocidos. Hablan con el sistema coreano sin asumir que existen divergencias sistemáticas entre las dos lenguas y sin incorporar los elementos nuevos o desconocidos o usándolos incorrectamente. Estos manifiestan que no tienen dificultad en el manejo de los elementos semejantes a la lengua materna y que los problemas para aprender el español vienen de: la norma o hábitos de la Lengua Coreana como son: predominio de las yuxtapuestas en las construcciones compuestas, sintaxis figurada, colocación de objeto antepuesto al verbo y adjetivo antepuesto al sustantivo adverbio antepuesto al verbo.El estudio recomienda combinar o incorporar los factores necesarios como: el esfuerzo de estudio, con la voluntad de aprendizaje, habilidad de la lengua conocida por la enseñanza, si se puede tener la oportunidad de esta y el contacto frecuente con los nativos hablantes para dominar bien la segunda lengua. | ||
| 921 | _a16 | ||
| 922 | _a16 | ||
| 923 | _a0 | ||
| 924 | _aNO APLICA | ||
| 942 | _cTesis | ||
| 999 |
_c2801 _d2801 |
||